header

Robotics in theory and practice : (Record no. 131458)

MARC details
000 -LEADER
fixed length control field 02356nam a22004211i 4500
001 - CONTROL NUMBER
control field ebr10777977
003 - CONTROL NUMBER IDENTIFIER
control field CaPaEBR
006 - FIXED-LENGTH DATA ELEMENTS--ADDITIONAL MATERIAL CHARACTERISTICS--GENERAL INFORMATION
fixed length control field m o d
007 - PHYSICAL DESCRIPTION FIXED FIELD--GENERAL INFORMATION
fixed length control field cr cn|||||||||
008 - FIXED-LENGTH DATA ELEMENTS--GENERAL INFORMATION
fixed length control field 130703t20132013sz a ob 101 0 eng d
020 ## - INTERNATIONAL STANDARD BOOK NUMBER
Cancelled/invalid ISBN 3037856033 (paperback)
International Standard Book Number 9783038139843 (e-book)
Cancelled/invalid ISBN 9783037856031
040 ## - CATALOGING SOURCE
Original cataloging agency CaPaEBR
Language of cataloging eng
Description conventions rda
-- pn
Transcribing agency CaPaEBR
035 ## - SYSTEM CONTROL NUMBER
System control number (OCoLC)868961410
050 14 - LIBRARY OF CONGRESS CALL NUMBER
Classification number TJ210.3
Item number .I58 2013eb
111 2# - MAIN ENTRY--MEETING NAME
Meeting name or jurisdiction name as entry element International Conference Industrial Service and Humanoid Robotics
Number of part/section/meeting (11th :
Date of meeting 2012 :
Location of meeting Strbske Pleso, High Tatras, Slovakia)
245 10 - TITLE STATEMENT
Title Robotics in theory and practice :
Remainder of title selected, peer reviewed papers from the 11th International Conference Industrial Service and Humanoid Robotics, ROBTEP 2012, November 14th - 16th 2012, Strbske Pleso, High Tatras, Slovakia /
Statement of responsibility, etc edited by Lucia Pachnikova and Mikulas Hajduk.
264 #1 - PRODUCTION, PUBLICATION, DISTRIBUTION, MANUFACTURE, AND COPYRIGHT NOTICE
Place of production, publication, distribution, manufacture Durnten-Zurich :
Name of producer, publisher, distributor, manufacturer Trans Tech Publications,
Date of production, publication, distribution, manufacture, or copyright notice [2013]
Date of production, publication, distribution, manufacture, or copyright notice �2013
300 ## - PHYSICAL DESCRIPTION
Extent 1 online resource (299 pages) :
Other physical details illustrations (black and white).
336 ## - CONTENT TYPE
Content type term text
Source rdacontent
337 ## - MEDIA TYPE
Media type term computer
Source rdamedia
338 ## - CARRIER TYPE
Carrier type term online resource
Source rdacarrier
490 1# - SERIES STATEMENT
Series statement Applied mechanics and materials,
International Standard Serial Number 1660-9336 ;
Volume number/sequential designation v. 282
504 ## - BIBLIOGRAPHY, ETC. NOTE
Bibliography, etc Includes bibliographical references and indexes.
588 ## - SOURCE OF DESCRIPTION NOTE
Source of description note Description based on print version record.
590 ## - LOCAL NOTE (RLIN)
Local note Electronic reproduction. Palo Alto, Calif. : ebrary, 2013. Available via World Wide Web. Access may be limited to ebrary affiliated libraries.
650 #0 - SUBJECT ADDED ENTRY--TOPICAL TERM
Topical term or geographic name as entry element Robotics
Form subdivision Congresses.
Topical term or geographic name as entry element Automation
Form subdivision Congresses.
655 #0 - INDEX TERM--GENRE/FORM
Genre/form data or focus term Electronic books.
700 1# - ADDED ENTRY--PERSONAL NAME
Personal name Hajduk, Mikulas.
Personal name Pachnikova, Lucia.
776 08 - ADDITIONAL PHYSICAL FORM ENTRY
Display text Print version:
Title Robotics in theory and practice : selected, peer reviewed papers from the 11th international conference industrial service and humanoid robotics, ROBTEP 2012, November 14th - 16th 2012, Strbske Pleso, High Tatras, Slovakia.
Place, publisher, and date of publication Durnten-Zurich : Trans Tech Publications, [2013]
Physical description ix, 290 pages : illustrations (black and white) ; 24 cm.
Series data for related item Applied mechanics and materials ; v. 282.
International Standard Book Number 9783037856031
Record control number (DLC) 2012554832
797 2# - LOCAL ADDED ENTRY--CORPORATE NAME (RLIN)
Corporate name or jurisdiction name as entry element ebrary.
830 #0 - SERIES ADDED ENTRY--UNIFORM TITLE
Uniform title Applied mechanics and materials ;
Volume number/sequential designation v. 282.
International Standard Serial Number 1660-9336
856 40 - ELECTRONIC LOCATION AND ACCESS
Uniform Resource Identifier <a href="http://site.ebrary.com/lib/rucke/Doc?id=10777977">http://site.ebrary.com/lib/rucke/Doc?id=10777977</a>
Public note An electronic book accessible through the World Wide Web; click to view

No items available.

© 2026 Rongo University
Contact us: librarian | system librarian | Rongo university